Statistics for Lana Del Rey Lyrics

Click here to take the quiz!

General Stats

  • This quiz has been taken 674 times
  • The average score is 7 of 14

Answer Stats

LyricAnswer% Correct
I will love you 'til the end of timeBlue Jeans
87%
I've got a war in my mindRide
82%
but you haven't seen my manSad Girl
75%
Catch me if you can, working on my tanSalvatore
71%
Sing your song, song, now the camera's on And you're alive againCarmen
62%
Young thing on the downtown sceneArt Deco
56%
Pink flamingos always fascinated meMusic To Watch Boys To
56%
it's not fashionable to love meHoneymoon
55%
dream I'm living inRadio
51%
It only takes two hours to NevadaYayo
37%
If you lie down with dogs, then you'll get fleas24
31%
Walking away from my soft resurrection.Bel Air
28%
I saw your face and you blew my mindLucky Ones
27%
You're a hard man to love and I'm A hard woman to keep track ofIs This Happiness
18%

Score Distribution

Percentile by Number Answered

Percent of People with Each Score

Your Score History

You have not taken this quiz